[Event "ROM-ch U16 Girls"]
[Site "Mamaia"]
[Date "2021.04.07"]
[Round "1"]
[White "Bira, Andrada Paraschiva"]
[Black "Albu, Camelia"]
[Result "1-0"]
[WhiteElo "1705"]
[BlackElo "1504"]
[PlyCount "121"]
[EventDate "2021.04.07"]
[EventType "swiss"]
[EventRounds "9"]
[EventCountry "ROU"]
[SourceTitle "EXT 2022"]
[Source "ChessBase"]
[SourceDate "2021.10.06"]
[SourceVersion "1"]
[SourceVersionDate "2021.10.06"]
[SourceQuality "1"]

1. Nf3 d5 2. c4 e6 3. d4 Nf6 4. g3 b6 5. cxd5 exd5 6. Bg2 Bb7 7. Nc3 Nbd7 8. Bf4 Nh5 9. Qd2 c6 10. 0-0 Bd6 11. e4 dxe4 12. Nxe4 Be7 13. Rfe1 0-0 14. Rac1 Nhf6 15. Ne5 Nxe5 16. dxe5 Nd5 17. a3 f6 18. exf6 Nxf6 19. Ng5 Qd7 20. Ne6 Rf7 21. Ng5 Rff8 22. Qe2 Bd6 23. Qc4+ Nd5 24. Bh3 Qd8 25. Qe4 Nf6 26. Qe6+ Kh8 27. Nf7+ Rxf7 28. Qxf7 Rb8 29. Bg5 c5 30. Rcd1 Qf8 31. Qxf8+ Bxf8 32. Bf4 Ra8 33. Bg2 Bxg2 34. Kxg2 h6 35. Re6 Kg8 36. Rd2 Rc8 37. Re1 Kf7 38. f3 b5 39. Be3 a5 40. Rc1 c4 41. Bb6 b4 42. Bxa5 bxa3 43. bxa3 Bxa3 44. Rc3 Bf8 45. Rd4 Ra8 46. Bb6 Ra2+ 47. Kh3 Nh7 48. f4 Rb2 49. Bc7 Nf6 50. Be5 Be7 51. Rcxc4 g5 52. fxg5 hxg5 53. g4 Rb3+ 54. Bg3 Rb2 55. Rc7 Ke6 56. Rd1 Nd5 57. Rc6+ Kd7 58. Rc4 Ke6 59. Re4+ Kf6 60. Rxd5 Rc2 61. Rf5+ 1-0

[Event "ROM-ch U14 Girls"]
[Site "Calimanesti Caciulata"]
[Date "2019.04.22"]
[Round "9"]
[White "Moldovanu, Raluca"]
[Black "Albu, Camelia"]
[Result "1/2-1/2"]
[WhiteElo "1211"]
[BlackElo "1414"]
[PlyCount "67"]
[EventDate "2019.04.15"]
[EventType "swiss"]
[EventRounds "9"]
[EventCountry "ROU"]
[SourceTitle "CBM 190 Extra"]
[Source "ChessBase"]
[SourceDate "2019.07.15"]
[SourceVersion "1"]
[SourceVersionDate "2019.07.15"]
[SourceQuality "1"]

1. d4 d5 2. c4 e6 3. Nc3 Nf6 4. Bg5 Be7 5. e3 0-0 6. Nf3 b6 7. cxd5 exd5 8. Bd3 Bb7 9. Qc2 Nbd7 10. h4 c5 11. 0-0-0 Rc8 12. Bxf6 Nxf6 13. Bf5 Rb8 14. Ne5 Bd6 15. f4 h5 16. Rdg1 Bxe5 17. fxe5 Ng4 18. Bxg4 hxg4 19. Qe2 Qd7 20. Rf1 f5 21. g3 Qc8 22. Qf2 b5 23. Kb1 a6 24. Rc1 c4 25. Qf4 Qc6 26. h5 Qh6 27. Qxh6 gxh6 28. Rh2 Kf7 29. Rf2 Ke6 30. Ne2 Rbe8 31. Nf4+ Kd7 32. Ng6 Rf7 33. Rcf1 Ke6 34. Nf4+ 1/2-1/2

[Event "ROM-ch U12 Girls"]
[Site "Calimanesti Caciulata"]
[Date "2016.04.24"]
[Round "8"]
[White "Bajenaru, Bianca Emiliana"]
[Black "Albu, Camelia"]
[Result "1/2-1/2"]
[WhiteElo "1174"]
[BlackElo "1325"]
[PlyCount "204"]
[EventDate "2016.04.18"]
[EventType "swiss"]
[EventRounds "9"]
[EventCountry "ROU"]
[SourceTitle "CBM 172 Extra"]
[Source "ChessBase"]
[SourceDate "2016.06.21"]
[SourceVersion "1"]
[SourceVersionDate "2016.06.21"]
[SourceQuality "1"]

1. d4 Nf6 2. Nf3 d5 3. e3 e6 4. Bd3 Nbd7 5. Nbd2 Be7 6. 0-0 0-0 7. c3 b6 8. e4 dxe4 9. Nxe4 Bb7 10. Nxf6+ Nxf6 11. Ne5 Qd5 12. Nf3 Rfd8 13. Qe2 c5 14. Be3 Rac8 15. Bc4 Qc6 16. Bb5 Qc7 17. Ba6 Ng4 18. Bxb7 Qxb7 19. Bg5 Bxg5 20. Nxg5 Nf6 21. Qf3 Qb8 22. Rad1 cxd4 23. cxd4 Rc2 24. Qb3 Rdc8 25. Nf3 Qd6 26. Rb1 Qd5 27. Qxd5 Nxd5 28. h3 Nb4 29. a3 Nd3 30. Ne1 Nxe1 31. Rfxe1 Rd2 32. Red1 Rcc2 33. Rxd2 Rxd2 34. Rc1 h6 35. Rc7 Rxd4 36. Rxa7 Rd1+ 37. Kh2 Rd2 38. Kg3 Rxb2 39. Rb7 Rb3+ 40. Kf4 Rxa3 41. Rxb6 Ra2 42. Kf3 Kh7 43. Rb7 Kg6 44. Rb4 Ra3+ 45. Ke2 Ra5 46. Kf3 Rf5+ 47. Kg3 Rd5 48. h4 Rd3+ 49. Kg4 Rd5 50. Kg3 Kh5 51. Rg4 g5 52. Re4 gxh4+ 53. Rxh4+ Kg6 54. Rc4 Rg5+ 55. Kf3 Rf5+ 56. Kg3 Kf6 57. Rh4 h5 58. Rd4 Kg5 59. f4+ Kg6 60. Re4 Kf6 61. Kh4 Ke7 62. Kg3 Kf6 63. Kh4 Kg6 64. Kg3 Kf6 65. Kh4 Ke7 66. Kg3 Kd6 67. Rd4+ Ke7 68. Re4 f6 69. Kh4 Kf7 70. Kg3 e5 71. fxe5 Rxe5 72. Rf4 Rg5+ 73. Kh3 Kg6 74. g4 hxg4+ 75. Rxg4 f5 76. Rxg5+ Kxg5 77. Kg3 Kf6 78. Kf3 Kg5 79. Kg3 Kh5 80. Kf4 Kg6 81. Kf3 Kf6 82. Kf4 Ke6 83. Kf3 Ke5 84. Ke3 f4+ 85. Kf3 Kf5 86. Kf2 Kg4 87. Kg2 f3+ 88. Kf2 Kf4 89. Kf1 Kg4 90. Kf2 Kf4 91. Kf1 Kg3 92. Kg1 Kh3 93. Kf2 Kg4 94. Kf1 Kg3 95. Kg1 Kh4 96. Kf2 Kg4 97. Kf1 Kg3 98. Kg1 Kf4 99. Kf2 Kg4 100. Kf1 Kg3 101. Kg1 f2+ 102. Kf1 Kf3 1/2-1/2

[Event "ROM-ch U12 Girls"]
[Site "Calimanesti Caciulata"]
[Date "2016.04.18"]
[Round "1"]
[White "Albu, Camelia"]
[Black "Croitoru, Doriana Elena"]
[Result "1-0"]
[WhiteElo "1325"]
[BlackElo "1001"]
[PlyCount "61"]
[EventDate "2016.04.18"]
[EventType "swiss"]
[EventRounds "9"]
[EventCountry "ROU"]
[SourceTitle "CBM 172 Extra"]
[Source "ChessBase"]
[SourceDate "2016.06.21"]
[SourceVersion "1"]
[SourceVersionDate "2016.06.21"]
[SourceQuality "1"]

1. e4 c6 2. d4 d5 3. exd5 cxd5 4. Bd3 Nc6 5. c3 Nf6 6. Nf3 Bg4 7. Bf4 e6 8. Nbd2 Be7 9. 0-0 0-0 10. Qb3 Na5 11. Qc2 Bxf3 12. Nxf3 Bd6 13. Bxd6 Qxd6 14. Ne5 Nc6 15. Rfe1 Rac8 16. Qd2 Rfe8 17. Rac1 Na5 18. Qg5 h6 19. Qg3 Nc4 20. Nxc4 Qxg3 21. hxg3 dxc4 22. Be2 e5 23. dxe5 Rxe5 24. Bf3 Rxe1+ 25. Rxe1 b5 26. Re7 a5 27. Ra7 a4 28. Rb7 Rc5 29. Kf1 Nd5 30. Be4 Nf6 31. Rb8+ 1-0

[Event "ROM-ch U10 Girls"]
[Site "Calimanesti"]
[Date "2015.04.06"]
[Round "9"]
[White "Serbanuta, Teodora"]
[Black "Albu, Camelia"]
[Result "0-1"]
[WhiteElo "1026"]
[BlackElo "1073"]
[PlyCount "42"]
[EventDate "2015.03.30"]
[EventType "swiss"]
[EventRounds "9"]
[EventCountry "ROU"]
[SourceTitle "CBM 165 Extra"]
[Source "ChessBase"]
[SourceDate "2015.04.21"]
[SourceVersion "1"]
[SourceVersionDate "2015.04.21"]
[SourceQuality "1"]

1. e4 c5 2. Bc4 Nc6 3. Nc3 e6 4. f4 Nge7 5. Nf3 g6 6. 0-0 Bg7 7. Nh4 d5 8. Bb5 Qc7 9. exd5 exd5 10. d3 0-0 11. Re1 Be6 12. Bd2 a6 13. Bxc6 Nxc6 14. f5 d4 15. fxe6 dxc3 16. Bxc3 fxe6 17. Bxg7 Qxg7 18. Rxe6 Qf7 19. Qg4 Qf2+ 20. Kh1 Qf1+ 21. Rxf1 Rxf1# 0-1

[Event "ROM-ch U10 Girls"]
[Site "Calimanesti"]
[Date "2015.04.03"]
[Round "6"]
[White "Spiridon, Anisia"]
[Black "Albu, Camelia"]
[Result "0-1"]
[WhiteElo "1155"]
[BlackElo "1073"]
[PlyCount "84"]
[EventDate "2015.03.30"]
[EventType "swiss"]
[EventRounds "9"]
[EventCountry "ROU"]
[SourceTitle "CBM 165 Extra"]
[Source "ChessBase"]
[SourceDate "2015.04.21"]
[SourceVersion "1"]
[SourceVersionDate "2015.04.21"]
[SourceQuality "1"]

1. d4 d5 2. c4 e6 3. Nc3 Nf6 4. cxd5 exd5 5. Bg5 Nbd7 6. Nf3 Be7 7. e3 0-0 8. Bd3 b6 9. 0-0 Bb7 10. Qc2 c5 11. b3 h6 12. Bh4 Ne4 13. Bxe4 dxe4 14. Bxe7 Qxe7 15. Nd2 cxd4 16. exd4 Nf6 17. Rfe1 Rfe8 18. f3 Qd6 19. Nb5 Qd7 20. Qc4 Rac8 21. Qb4 a5 22. Qd6 Qxb5 23. Nc4 exf3 24. Rxe8+ Rxe8 25. Qxb6 Qxb6 26. Nxb6 fxg2 27. Rd1 Rd8 28. Nc4 Ra8 29. Ne3 Nd5 30. Nxg2 Nc3 31. Rd2 Rd8 32. Nf4 g5 33. Nh5 Nb5 34. Nf6+ Kg7 35. Nh5+ Kg6 36. Ng3 Nxd4 37. Kf2 Ne6 38. Rxd8 Nxd8 39. Ne2 Nc6 40. Nc3 Kf5 41. Na4 Nb4 42. a3 Nc2 0-1

[Event "ROM-ch U10 Girls"]
[Site "Calimanesti"]
[Date "2015.04.01"]
[Round "3"]
[White "Matasaru, Stephanie"]
[Black "Albu, Camelia"]
[Result "1-0"]
[WhiteElo "1250"]
[BlackElo "1073"]
[PlyCount "143"]
[EventDate "2015.03.30"]
[EventType "swiss"]
[EventRounds "9"]
[EventCountry "ROU"]
[SourceTitle "CBM 165 Extra"]
[Source "ChessBase"]
[SourceDate "2015.04.21"]
[SourceVersion "1"]
[SourceVersionDate "2015.04.21"]
[SourceQuality "1"]

1. e4 c5 2. Nc3 e6 3. f4 Nc6 4. d3 d5 5. Nf3 d4 6. Ne2 Nf6 7. e5 Nd5 8. g3 b5 9. Bg2 Be7 10. 0-0 0-0 11. g4 Ba6 12. f5 exf5 13. gxf5 f6 14. e6 Qb6 15. Nfxd4 Nxd4 16. Nxd4 Rad8 17. Nf3 c4+ 18. d4 Nc7 19. c3 b4 20. Be3 Qd6 21. Nh4 Nd5 22. Bd2 bxc3 23. bxc3 Qa3 24. Qg4 Nc7 25. Bc6 Rf7 26. exf7+ Kxf7 27. Qh5+ Kg8 28. Ng6 Bd6 29. Nf4 Qb2 30. Rfd1 Bc8 31. Nd5 Bxh2+ 32. Kxh2 Nxd5 33. Bxd5+ Kh8 34. Bxc4 Qb8+ 35. Kg2 Qb7+ 36. Qf3 Qc7 37. Bd5 Rxd5 38. Qxd5 Bb7 39. Qxb7 Qxb7+ 40. Kf2 Qc7 41. Rh1 Qa5 42. Rab1 Qxf5+ 43. Ke3 Qe6+ 44. Kd3 h6 45. Rbg1 Qa6+ 46. c4 Qxa2 47. Bxh6 Qb3+ 48. Ke4 Qc2+ 49. Kf3 Qd3+ 50. Be3+ Kg8 51. Rh5 Qxc4 52. Rc1 Qe6 53. d5 Qe8 54. Rch1 Qd7 55. Bc5 Qb7 56. Rh8+ Kf7 57. Rf8+ Kg6 58. Ke4 a6 59. Rg1+ Kh7 60. Re8 Qf7 61. Rxg7+ Qxg7 62. Re7 Qxe7+ 63. Bxe7 Kg7 64. d6 Kf7 65. Kf5 a5 66. Bxf6 Ke8 67. Ke6 Kf8 68. d7 Kg8 69. d8Q+ Kh7 70. Kf5 a4 71. Qf8 a3 72. Qg7# 1-0